00493nam a2200157Ia 450000500170000000800410001708200130005810000110007124500320008226000400011430000130015450000520016794200060021995200950022599900150032020250424033911.0240331s9999 xx 000 0 und d bRUMa297 aRumi,N 0aIslam :boee eliya arimugam aChennaibKizhakku Pathippagamc2004 a510 p ., aA Book About Islamic Religious Things And Brief cL 001040708LaWERCLbWERCLcSSCd2024-03-31l0o 297 RUMp6103r2024-03-31w2024-03-31yL c4682d4682